[Event "Aragon-chT Preferente Gr-II"]
[Site "Aragon"]
[Date "2020.02.22"]
[Round "5.59"]
[White "Sancho Casale, Jesus"]
[Black "Hususan, Melisa"]
[Result "1-0"]
[WhiteElo "1923"]
[BlackElo "1749"]
[PlyCount "65"]
[EventDate "2020.01.25"]
[EventType "team-tourn"]
[EventRounds "9"]
[EventCountry "ESP"]
[SourceTitle "EXT 2022"]
[Source "ChessBase"]
[SourceDate "2021.10.06"]
[SourceVersion "1"]
[SourceVersionDate "2021.10.06"]
[SourceQuality "1"]
[WhiteTeam "Tauste"]
[BlackTeam "Marcos Frechin II"]
[WhiteTeamCountry "ESP"]
[BlackTeamCountry "ESP"]

1. c4 g6 2. Nc3 Bg7 3. Nf3 d6 4. d4 Nd7 5. e4 e5 6. Be3 Ne7 7. h4 h6 8. Bd3 0-0 9. Qd2 Kh7 10. 0-0-0 Nc6 11. d5 Nb4 12. Bb1 Na6 13. Nh2 Nf6 14. f3 Nc5 15. g4 Ng8 16. Nf1 Bd7 17. Ng3 a6 18. Rdg1 b5 19. Qg2 bxc4 20. g5 Rb8 21. h5 Nd3+ 22. Bxd3 cxd3 23. gxh6 Bh8 24. hxg6+ fxg6 25. Nf5 Qf6 26. Nh4 Be8 27. Rh3 Qf7 28. Nxg6 Qxg6 29. Qh2 Qf6 30. Rg7+ Bxg7 31. hxg7+ Kxg7 32. Rh7+ Kg6 33. Qh5# 1-0

[Event "Aragon-chT Preferente Gr-II"]
[Site "Aragon"]
[Date "2019.03.02"]
[Round "6.54"]
[White "Hususan, Melisa"]
[Black "Aribau Rivas, Miguel Angel"]
[Result "0-1"]
[WhiteElo "1763"]
[BlackElo "2043"]
[PlyCount "80"]
[EventDate "2019.01.26"]
[EventType "team-tourn"]
[EventRounds "9"]
[EventCountry "ESP"]
[SourceTitle "EXT 2020"]
[Source "ChessBase"]
[SourceDate "2019.10.17"]
[SourceVersion "1"]
[SourceVersionDate "2019.10.17"]
[SourceQuality "1"]
[WhiteTeam "Marcos Frechin II"]
[BlackTeam "Fraga"]
[WhiteTeamCountry "ESP"]
[BlackTeamCountry "ESP"]

1. e4 e6 2. d3 d5 3. Nd2 Nf6 4. Ngf3 b6 5. g3 dxe4 6. dxe4 Bb7 7. Bb5+ c6 8. Bd3 Na6 9. Qe2 Nc5 10. Bc4 b5 11. Bb3 a5 12. a3 Be7 13. 0-0 0-0 14. Re1 Re8 15. Ba2 Qc7 16. Nd4 Red8 17. N4b3 Na4 18. Nf3 e5 19. Nbd2 Ba6 20. Ng5 Rf8 21. h4 h6 22. Ngf3 Nc5 23. Nh2 b4 24. Qf3 Ne6 25. Nb3 a4 26. Nd2 c5 27. Nc4 Nd4 28. Qd1 Rfd8 29. Nd2 Rab8 30. c3 bxc3 31. bxc3 Nb3 32. Rb1 Bd3 33. Rb2 c4 34. Bb1 Bxa3 35. Bxd3 Bxb2 36. Bxb2 Rxd3 37. Re2 Qd6 38. Nhf1 Nxd2 39. Rxd2 Rxd2 40. Nxd2 Rxb2 0-1

[Event "Aragon-chT Preferente Gr-II"]
[Site "Aragon"]
[Date "2019.02.16"]
[Round "4.58"]
[White "Larrosa Poves, Jose Manuel"]
[Black "Hususan, Melisa"]
[Result "1/2-1/2"]
[WhiteElo "1912"]
[BlackElo "1763"]
[PlyCount "96"]
[EventDate "2019.01.26"]
[EventType "team-tourn"]
[EventRounds "9"]
[EventCountry "ESP"]
[SourceTitle "EXT 2020"]
[Source "ChessBase"]
[SourceDate "2019.10.17"]
[SourceVersion "1"]
[SourceVersionDate "2019.10.17"]
[SourceQuality "1"]
[WhiteTeam "Agrupacion III"]
[BlackTeam "Marcos Frechin II"]
[WhiteTeamCountry "ESP"]
[BlackTeamCountry "ESP"]

1. d4 Nf6 2. c4 g6 3. Nc3 Bg7 4. Nf3 0-0 5. Bg5 h6 6. Bh4 d6 7. e3 Nbd7 8. Be2 e5 9. dxe5 dxe5 10. Qc2 g5 11. Bg3 Qe7 12. 0-0 Ne8 13. Nd5 Qe6 14. e4 c6 15. Ne3 Nd6 16. c5 Nb5 17. Bxb5 cxb5 18. Nf5 Bh8 19. Rfd1 Qc4 20. Rac1 Qxc2 21. Rxc2 Kh7 22. Nd6 Nf6 23. Nxe5 Be6 24. b4 a5 25. bxa5 Rxa5 26. f3 Nh5 27. Nd3 Nxg3 28. hxg3 Bxa2 29. Nc1 Be6 30. Nxb7 Ra1 31. c6 Bb3 32. Nxb3 Rxd1+ 33. Kf2 Rc8 34. Ke2 Rb1 35. Nd6 Rc7 36. Nxb5 Rc8 37. N3d4 Be5 38. g4 Bg3 39. Kd3 Be5 40. Na7 Rc7 41. Ndb5 Re7 42. c7 Rd7+ 43. Ke2 Bxc7 44. Rxc7 Rb2+ 45. Ke3 Rb3+ 46. Ke2 Rb2+ 47. Ke3 Rb3+ 48. Ke2 Rb2+ 1/2-1/2

[Event "Aragon-chT Preferente Gr-II"]
[Site "Aragon"]
[Date "2019.02.09"]
[Round "3.66"]
[White "Hususan, Melisa"]
[Black "Sanjulian Arruga, Pablo"]
[Result "0-1"]
[WhiteElo "1763"]
[BlackElo "1850"]
[PlyCount "135"]
[EventDate "2019.01.26"]
[EventType "team-tourn"]
[EventRounds "9"]
[EventCountry "ESP"]
[SourceTitle "EXT 2020"]
[Source "ChessBase"]
[SourceDate "2019.10.17"]
[SourceVersion "1"]
[SourceVersionDate "2019.10.17"]
[SourceQuality "1"]
[WhiteTeam "Marcos Frechin II"]
[BlackTeam "St Casablanca II"]
[WhiteTeamCountry "ESP"]
[BlackTeamCountry "ESP"]

1. e4 c5 2. Nf3 e6 3. d4 cxd4 4. Nxd4 Nf6 5. Nc3 d6 6. Be3 Be7 7. Bc4 a6 8. Bb3 b5 9. a3 Bb7 10. f3 Nbd7 11. 0-0 0-0 12. Qe1 Re8 13. Rd1 Ne5 14. a4 b4 15. Nce2 d5 16. exd5 Bxd5 17. Bxd5 Nxd5 18. Bf2 Nc4 19. Nc6 Qc8 20. Nxe7+ Rxe7 21. Ng3 Rc7 22. Bd4 Ncb6 23. Bxb6 Nxb6 24. Qxb4 Nd5 25. Qa3 Rxc2 26. Ne4 Rb8 27. Rb1 Qc6 28. Kh1 Rc8 29. h3 f5 30. Nf2 Qb6 31. Nd3 Ne3 32. Rg1 Rd2 33. Nf4 e5 34. Nh5 f4 35. Qe7 Qc7 36. Qe6+ Kf8 37. Qxa6 Qc6 38. Qa5 Qd6 39. Qa7 Qg6 40. Qb7 Rcd8 41. Qb4+ Kg8 42. Nxf4 exf4 43. Qxf4 Nxg2 44. Qc4+ Kh8 45. b4 Qh6 46. Qg4 Nf4 47. Rg3 Rd1+ 48. Rxd1 Rxd1+ 49. Kh2 Rd2+ 50. Kh1 Rd1+ 51. Kh2 Ne6 52. b5 Qc1 53. Rg1 Rxg1 54. Qxg1 Qc2+ 55. Kh1 Qxa4 56. Qb6 Qd1+ 57. Kg2 Qd2+ 58. Kg3 Qf4+ 59. Kg2 Qg5+ 60. Kh2 Qe5+ 61. Kg2 Nf4+ 62. Kh1 Qe1+ 63. Kh2 Qd2+ 64. Kg3 Ne2+ 65. Kg2 Nd4+ 66. Kg3 Qe1+ 67. Kg4 Qg1+ 68. Kf4 0-1

[Event "Aragon-chT Preferente Gr-II"]
[Site "Aragon"]
[Date "2019.02.02"]
[Round "2.62"]
[White "Maza Broto, Pablo"]
[Black "Hususan, Melisa"]
[Result "1-0"]
[WhiteElo "2065"]
[BlackElo "1763"]
[PlyCount "71"]
[EventDate "2019.01.26"]
[EventType "team-tourn"]
[EventRounds "9"]
[EventCountry "ESP"]
[SourceTitle "EXT 2020"]
[Source "ChessBase"]
[SourceDate "2019.10.17"]
[SourceVersion "1"]
[SourceVersionDate "2019.10.17"]
[SourceQuality "1"]
[WhiteTeam "Jaime Casas II"]
[BlackTeam "Marcos Frechin II"]
[WhiteTeamCountry "ESP"]
[BlackTeamCountry "ESP"]

1. c4 g6 2. Nc3 Bg7 3. g3 d6 4. Bg2 Nc6 5. e3 e5 6. Nge2 f5 7. 0-0 Nf6 8. b3 0-0 9. Bb2 Nh5 10. f4 e4 11. d3 Nf6 12. Qd2 exd3 13. Qxd3 Re8 14. Nd4 Nb4 15. Qd2 Na6 16. Nd5 Nc5 17. Rad1 Nce4 18. Qc1 a6 19. Qa1 Qd7 20. Nc2 Qf7 21. Bxe4 fxe4 22. Nxf6+ Bxf6 23. Bxf6 Bh3 24. Rf2 Re6 25. Bb2 Rf8 26. Qc1 h5 27. Nb4 h4 28. Rd5 Qh7 29. Rg5 Rf5 30. Nd5 c6 31. Rxf5 gxf5 32. Nf6+ Rxf6 33. Bxf6 Qg6 34. Bxh4 Qg7 35. Rd2 Qc7 36. Qc3 1-0